Responses for Show #2801 - Monday, November 4, 1996

Contestants

[<< previous game]

Frank Sitarski, a manager from Plainville, Massachusetts

Alice Rote, a high school teacher from Doylestown, Ohio

Kalyan Farrington, a retired engineer from Honolulu, Hawaii (whose 3-day cash winnings total $26,955)

[next game >>]

Jeopardy! Round responses

BIBLICAL JEALOUSY
COMMERCIALS
QUOTATIONS
DANCE
ANNUAL EVENTS
"M"ENAGERIE
    $100 3
Paul

Triple Stumper
    $100 1
Budweiser

Kalyan
    $100 12
Duke Ellington

Alice
    $100 26
polo

Alice
    $100 21
peach

Kalyan
    $100 17
mastodon

Frank
    $200 4
Joseph

Frank
    $200 2
(Kalyan: Who is Candice Bergman?)

Candice Bergen

KalyanAlice
    $200 13
your throat

Kalyan
    $200 27
ring/circle

Kalyan
    $200 22
Scottsdale, Arizona

Kalyan
    $200 8
manatees

Alice
    $300 9
Isaac

Alice
    $300 5
Sears

Kalyan
    $300 14
the Constitution

Kalyan
    $300 28
(Kalyan: What is Spain?)
(Frank: What is Portugal?)

Italy

KalyanFrank
Triple Stumper
    $300 23
(Frank: What is New Jersey?)

Maryland

Frank
Triple Stumper
    $300 18
(Frank: What is a mollusk?)

mussel

KalyanFrank
    $700 10
Saul

Alice
    $400 6
Seinfeld

Frank
    $400 15
Stephen Crane

Alice
    $400 29
[The end-of-round signal sounds.]

mazurka

Alice
    $400 24
(Alex: Less than a minute to go.)

Wisconsin

Kalyan
    $400 19
mandrill

Triple Stumper
    $500 11
Joshua

Alice
    $500 7
Pantene

Frank
    $500 16
Bob Marley

Frank
    $500 25
Meredith Willson

Alice
    $500 20
mudpuppy

Triple Stumper

Scores at the first commercial break (after clue 10):

Kalyan Alice Frank
$200 $1,400 $1,100

Scores at the end of the Jeopardy! Round:

Kalyan Alice Frank
$1,600 $3,400 $800

Double Jeopardy! Round responses

WOMEN 1975
SCIENTISTS & INVENTORS
LITERATURE
BLACK ACTORS & ACTRESSES
EUROPEAN HISTORY
MEDIEVAL WORDS
    $200 16
Margaret Mead

Frank
    $200 1
rockets

Frank
    $200 6
(Alice: Who was Sleeping Beauty?)

Snow White

KalyanAlice
    $200 19
Danny Glover

Alice
    $200 7
Spain

Kalyan
    $1,000 17
(Alex: And she remarried Richard Burton.)

Elizabeth Taylor

Frank
    $400 2
Galileo

Frank
    $400 12
Ulysses

Kalyan
    $400 20
Sidney Poitier

Alice
    $400 8
Helmut Kohl

Kalyan
    $600 18
Martina Navratilova

Alice
    $800 3
(Frank: Who was Edison?)

Samuel F.B. Morse

Frank
    $600 13
Pip

Kalyan
    $600 21
Wesley Snipes

Kalyan
    $600 9
Monaco

Alice
    $800 25
(Frank: Who was Seton... Mary Seton?)

Elizabeth Ann Seton

AliceFrank
    $800 4
(Frank: Who is Dom Perignon?)
(Alex: No, but I like your thinking!)

Louis Pasteur

KalyanFrank
    $800 14
Washington Irving

Kalyan
    $800 22
(Alex: We have a minute to go.)

Angela Bassett

Alice
    $800 10
(Alice: What is Poland?)

Romania

Alice
Triple Stumper
    $800 27
(Frank: What is the Arbor Inn?)
[The end-of-round signal sounds.]
(Alex: We have to say goodbye to you, Frank; you'll wind up with our third-place prize.)

Tabard Inn

Frank
Triple Stumper
    $1000 24
Beatrix

Alice
    $1000 5
movie/motion picture camera

Alice
    $1000 15
Gargantua

Triple Stumper
    $1000 23
Samuel (L.) Jackson

Frank
    $1000 11
(Frank: What is the Council of Ghent?)

Congress of Vienna

AliceFrank
    $1000 26
(Frank: What is a tuba?)

trombone

Frank
Triple Stumper

Scores at the end of the Double Jeopardy! Round:

Kalyan Alice Frank
$5,600 $8,800 -$1,600

[wagering suggestions for these scores]

Final Jeopardy! Round responses

U.S. PRESIDENTS
(Alex: The 19th century ended in the year 1900.)
KalyanWho was F.D. Roosevelt
$3,327
AliceWho was L.B.J.
$2,401
Dwight David Eisenhower (1890)

Final scores:

Kalyan Alice Frank
$2,273 $6,399 -$1,600
2nd place: Trip to Harbor Village Resort, Bonaire New champion: $6,399 3rd place: PeopleLounger massage chaise lounger

Game dynamics:

Coryat scores:

Kalyan Alice Frank
$5,600 $8,500 -$1,400
17 R,
2 W
19 R
(including 1 DD),
2 W
10 R
(including 1 DD),
9 W
(including 1 DD)

Combined Coryat: $12,700

[game clues] [game scores] [suggest correction]

Game tape date: 1996-09-04
The J! Archive is created by fans, for fans. Scraping, republication, monetization, and malicious use prohibited; this site may use cookies and collect identifying information. See terms. The Jeopardy! game show and all elements thereof, including but not limited to copyright and trademark thereto, are the property of Jeopardy Productions, Inc. and are protected under law. This website is not affiliated with, sponsored by, or operated by Jeopardy Productions, Inc. Join the discussion at JBoard.tv.